| 000 | 01487nam0a2200349 4500 | ||
|---|---|---|---|
| 001 | RU\NLR\bibl\73987 | ||
| 005 | 20250616100822.0 | ||
| 010 |
_a5-7455-1067-6 _9500 |
||
| 021 |
_aRU _b1999-37880 _91867 |
||
| 035 | _a(NLR Aleph) 000072193 | ||
| 090 |
_a398626 _c398626 |
||
| 100 | _a20000310d1999 |||y0rusy50 ca | ||
| 101 | 0 | _arus | |
| 102 | _aRU | ||
| 105 | _aa ||||||||| | ||
| 200 | 1 |
_aРациональная терапия хронической сердечной недостаточности _fЭ.В. Минаков, И.П. Нестеровский, Т.М. Кобцева, О.М. Королькова |
|
| 210 |
_aВоронеж _cИзд-во Воронеж. гос. ун-та _d1999 |
||
| 215 |
_a141,[1] с. _cил. _d20 |
||
| 320 | _aБиблиогр.: с. 134-140 (97 назв.) и в конце глав | ||
| 606 | 0 |
_aСердечная недостаточность _xТерапия _91916843 _3RU\NLR\auth\66874179 |
|
| 686 | _aР410.09-5 | ||
| 701 | 1 |
_aМинаков _bЭ. В. _gЭдуард Васильевич _4070 |
|
| 701 | 1 |
_aНестеровский _bИ. П. _gИгорь Петрович _4070 |
|
| 701 | 1 |
_aКобцева _bТ. М. _gТатьяна Михайловна _4070 |
|
| 701 | 1 |
_aКоролькова _bО. М. _gОльга Митрофановна _4070 |
|
| 801 | 0 |
_aRU _bNLR _c20000310 _gPSBO |
|
| 801 | 1 |
_aRU _bNLR _c20000310 |
|
| 830 | _aАвт. по кн. | ||
| 852 |
_aNLR _j99-3/20219 |
||
| 942 | _cBOOK | ||
| 980 | _aNB | ||